000 01632nam a2200229 a 4500
008 120416s1973 ||||||||||||||||| || u
050 _aHG 4026 Phi
100 _aPhilippatos, George C
245 1 0 _aFinancial management
246 _atheory and techniques
260 _aSan Francisco
_bHolden-Day
_c1973
300 _axix, 661p.
350 _a0.00
995 _aANNEX COLLECTION (Main Library)
_e702878
_FCBU-MAIN LIBRARY (Kitwe)
_I0.00
_jHG 4026 Phi
_M8
_UAVAILABLE
_WFeb 15, 2013
_y702878
_ZAnnex Low-Usage Collection
995 _aANNEX COLLECTION (Main Library)
_D0.00
_e007410
_FCBU-MAIN LIBRARY (Kitwe)
_H4
_I0.00
_jHG 4026 Phi
_UAVAILABLE
_y007410
_ZAnnex Low-Usage Collection
995 _aANNEX COLLECTION (Main Library)
_D0.00
_e007411
_FCBU-MAIN LIBRARY (Kitwe)
_H2
_I0.00
_jHG 4026 Phi
_UAVAILABLE
_y007411
_ZAnnex Low-Usage Collection
995 _aANNEX COLLECTION (Main Library)
_D0.00
_e007413
_FCBU-MAIN LIBRARY (Kitwe)
_H3
_I0.00
_jHG 4026 Phi
_UAVAILABLE
_y007413
_ZAnnex Low-Usage Collection
995 _aANNEX COLLECTION (Main Library)
_D0.00
_e007412
_FCBU-MAIN LIBRARY (Kitwe)
_H1
_I0.00
_jHG 4026 Phi
_UAVAILABLE
_y007412
_ZAnnex Low-Usage Collection
995 _aBINDERY (DAMAGED)
_D0.00
_e702876
_FCBU-MAIN LIBRARY (Kitwe)
_H1
_I0.00
_jHG 4026 Phi
_M7
_UDAMAGED
_WJun 12, 2009
_y702876
_ZMain Library Open Access Collection
995 _aANNEX COLLECTION (Main Library)
_D0.00
_e007414
_FCBU-MAIN LIBRARY (Kitwe)
_H5
_I0.00
_jHG 4026 Phi
_UAVAILABLE
_y007414
_ZAnnex Low-Usage Collection
995 _aBINDERY (DAMAGED)
_D0.00
_e702877
_FCBU-MAIN LIBRARY (Kitwe)
_H1
_I0.00
_jHG 4026 Phi
_UDAMAGED
_WJun 11, 2009
_y702877
_ZMain Library Open Access Collection
999 _c63093
_d63093